[Event "Glorney Gilbert International 2017 - Gilbert"]
[Site "Daventry, England"]
[Date "2017.07.26"]
[Round "5.2"]
[White "Ferguson, Dayna"]
[Black "Green, Emily"]
[Result "0-1"]
[BlackElo "1716"]
[WhiteElo "1451"]
[LiveChessVersion "1.4.6"]

1. d4 {[%clk 1:30:58]} Nf6 {[%clk 1:30:54]} 2. c4 {[%clk 1:31:24]} c5
{[%clk 1:31:17]} 3. d5 {[%clk 1:31:49]} e6 {[%clk 1:31:43]} 4. Nf3
{[%clk 1:32:13]} exd5 {[%clk 1:31:59]} 5. cxd5 {[%clk 1:32:38]} d6
{[%clk 1:32:18]} 6. e4 {[%clk 1:33:01]} a6 {[%clk 1:31:27]} 7. Bd3
{[%clk 1:33:08]} g6 {[%clk 1:30:45]} 8. O-O {[%clk 1:33:21]} Bg4 {[%clk 1:29:39]}
9. h3 {[%clk 1:32:30]} Bxf3 {[%clk 1:29:47]} 10. Qxf3 {[%clk 1:32:49]} b5
{[%clk 1:29:20]} 11. Re1 {[%clk 1:31:21]} Nbd7 {[%clk 1:28:28]} 12. a4
{[%clk 1:29:39]} b4 {[%clk 1:26:18]} 13. Bf4 {[%clk 1:29:29]} Ne5
{[%clk 1:12:51]} 14. Qg3 {[%clk 1:26:02]} Nh5 {[%clk 1:05:53]} 15. Bxe5
{[%clk 1:24:09]} Nxg3 {[%clk 1:06:11]} 16. Bxh8 {[%clk 1:24:33]} Qb6
{[%clk 1:05:42]} 17. e5 {[%clk 1:17:13]} Kd7 {[%clk 0:57:02]} 18. Bc4
{[%clk 1:16:12]} Nf5 {[%clk 0:51:03]} 19. Bf6 {[%clk 1:15:20]} dxe5
{[%clk 0:47:04]} 20. Bxe5 {[%clk 1:15:10]} Bh6 {[%clk 0:45:20]} 21. Rd1
{[%clk 1:08:41]} Re8 {[%clk 0:44:35]} 22. Bh2 {[%clk 1:08:22]} Nd4
{[%clk 0:42:15]} 23. Nd2 {[%clk 1:07:04]} Qf6 {[%clk 0:36:19]} 24. Rab1
{[%clk 1:03:06]} Bxd2 {[%clk 0:30:08]} 25. Rxd2 {[%clk 1:02:23]} Nf3+
{[%clk 0:30:23]} 26. gxf3 {[%clk 1:01:59]} Qg5+ {[%clk 0:30:44]} 27. Kf1
{[%clk 1:01:25]} Qxd2 {[%clk 0:31:05]} 28. Bxa6 {[%clk 1:01:39]} Re7
{[%clk 0:22:42]} 29. d6 {[%clk 0:58:26]} Re6 {[%clk 0:21:22]} 30. Bb5+
{[%clk 0:58:31]} Kd8 {[%clk 0:20:47]} 31. a5 {[%clk 0:58:05]} Qd5
{[%clk 0:16:54]} 32. Kg2 {[%clk 0:50:50]} c4 {[%clk 0:14:49]} 33. Ba4
{[%clk 0:47:52]} Qxa5 {[%clk 0:13:38]} 34. Bc6 {[%clk 0:39:03]} Qc5
{[%clk 0:10:34]} 35. Ba4 {[%clk 0:38:29]} Re2 {[%clk 0:09:56]} 36. Bg3
{[%clk 0:38:42]} h5 {[%clk 0:08:25]} 37. Rd1 {[%clk 0:35:33]} g5 {[%clk 0:06:51]}
38. h4 {[%clk 0:35:45]} f6 {[%clk 0:06:33]} 39. d7 {[%clk 0:31:53]} Re6
{[%clk 0:04:46]} 40. Kh2 {[%clk 0:24:26]} Re7 {[%clk 0:03:03]} 41. Bd6
{[%clk 0:24:34]} Qxf2+ {[%clk 0:02:59]} 42. Kh1 {[%clk 0:23:54]} Re1+
{[%clk 0:03:01]} 43. Rxe1 {[%clk 0:24:04]} Qxe1+ {[%clk 0:03:29]} 44. Kh2
{[%clk 0:20:08]} Qd2+ {[%clk 0:03:49]} 45. Kh3 {[%clk 0:19:10]} Qxd6
{[%clk 0:04:08]} 46. hxg5 {[%clk 0:19:35]} fxg5 {[%clk 0:04:22]} 0-1

[Event "Glorney Gilbert International 2017 - Gilbert"]
[Site "Daventry, England"]
[Date "2017.07.26"]
[Round "5.3"]
[White "Weaver, Lauren"]
[Black "Ni Mhuireagain, Eibhia"]
[Result "0-1"]
[BlackElo "1482"]
[WhiteElo "1641"]
[LiveChessVersion "1.4.6"]

1. d4 {[%clk 1:30:56]} d5 {[%clk 1:30:56]} 2. Nf3 {[%clk 1:31:15]} Nf6
{[%clk 1:31:16]} 3. e3 {[%clk 1:31:29]} c6 {[%clk 1:31:37]} 4. Bd3
{[%clk 1:31:14]} Bg4 {[%clk 1:31:01]} 5. h3 {[%clk 1:30:38]} Bh5 {[%clk 1:31:06]}
6. b3 {[%clk 1:28:45]} Nbd7 {[%clk 1:29:45]} 7. Bb2 {[%clk 1:28:03]} e6
{[%clk 1:28:46]} 8. O-O {[%clk 1:27:53]} Bd6 {[%clk 1:25:09]} 9. g4
{[%clk 1:19:21]} Bg6 {[%clk 1:14:40]} 10. Ne5 {[%clk 1:17:17]} Ne4
{[%clk 1:04:41]} 11. Nd2 {[%clk 1:10:34]} Qh4 {[%clk 0:58:49]} 12. Kg2
{[%clk 1:01:16]} Nxd2 {[%clk 0:47:19]} 13. Qxd2 {[%clk 1:01:02]} O-O-O
{[%clk 0:41:35]} 14. c4 {[%clk 0:58:46]} Bxd3 {[%clk 0:34:58]} 15. Qxd3
{[%clk 0:54:39]} Qf6 16. f4 dxc4 {[%clk 0:32:05]} 17. bxc4 {[%clk 0:53:49]} Bc7
{[%clk 0:27:00]} 18. Qc2 {[%clk 0:47:17]} Nxe5 {[%clk 0:23:15]} 19. fxe5
{[%clk 0:46:04]} Qg5 {[%clk 0:22:37]} 20. Qe4 {[%clk 0:36:58]} Rd7
{[%clk 0:17:30]} 21. a4 {[%clk 0:32:30]} Qh4 {[%clk 0:15:35]} 22. Rh1
{[%clk 0:28:17]} f6 {[%clk 0:14:49]} 23. exf6 {[%clk 0:19:58]} Qg3+
{[%clk 0:13:53]} 24. Kf1 {[%clk 0:20:10]} Rf8 {[%clk 0:13:05]} 25. Ke2
{[%clk 0:18:12]} Rxf6 {[%clk 0:12:38]} 26. Raf1 {[%clk 0:14:16]} Rdf7
{[%clk 0:12:19]} 27. Rxf6 {[%clk 0:14:05]} Rxf6 {[%clk 0:12:39]} 28. Kd3
{[%clk 0:13:57]} Qf2 {[%clk 0:11:07]} 29. Ba3 {[%clk 0:10:43]} Qa2
{[%clk 0:10:06]} 30. Be7 {[%clk 0:10:36]} Qb3+ {[%clk 0:10:12]} 31. Ke2
{[%clk 0:10:40]} Qxc4+ {[%clk 0:10:05]} 32. Kd2 {[%clk 0:05:42]} Rf2+
{[%clk 0:09:47]} 33. Kd1 {[%clk 0:06:01]} Qe2+ {[%clk 0:09:09]} 34. Kc1
{[%clk 0:06:16]} Qb2+ {[%clk 0:09:20]} 35. Kd1 {[%clk 0:06:32]} Qa1+
{[%clk 0:09:38]} 0-1

[Event "Glorney Gilbert International 2017 - Gilbert"]
[Site "Daventry, England"]
[Date "2017.07.26"]
[Round "5.4"]
[White "Toure, Shanthi"]
[Black "Sivarajasingam, Shayanna"]
[Result "1/2-1/2"]
[BlackElo "1774"]
[WhiteElo "1885"]
[LiveChessVersion "1.4.6"]

1. e4 {[%clk 1:30:57]} e6 {[%clk 1:30:58]} 2. d4 {[%clk 1:30:59]} d5
{[%clk 1:31:26]} 3. Nc3 {[%clk 1:31:19]} dxe4 {[%clk 1:31:51]} 4. Nxe4
{[%clk 1:30:37]} Nd7 {[%clk 1:32:18]} 5. g3 {[%clk 1:29:16]} Ngf6
{[%clk 1:31:48]} 6. Nxf6+ {[%clk 1:27:30]} Nxf6 {[%clk 1:32:11]} 7. Bg2
{[%clk 1:26:35]} c5 {[%clk 1:31:19]} 8. Nf3 {[%clk 1:02:26]} Qb6 {[%clk 1:26:23]}
9. O-O {[%clk 0:59:24]} h6 {[%clk 1:14:13]} 10. Rb1 {[%clk 0:56:44]} cxd4
{[%clk 1:13:36]} 11. Qxd4 {[%clk 0:55:15]} Bc5 {[%clk 0:56:34]} 12. Qh4
{[%clk 0:54:13]} Bd7 {[%clk 0:54:46]} 13. Ne5 {[%clk 0:49:06]} Be7
{[%clk 0:42:34]} 14. Nxd7 {[%clk 0:38:33]} Nxd7 {[%clk 0:41:40]} 15. Qg4
{[%clk 0:38:27]} Bf6 {[%clk 0:39:29]} 16. Be3 {[%clk 0:37:45]} Qa6
{[%clk 0:37:08]} 17. a3 {[%clk 0:20:59]} Rc8 {[%clk 0:31:26]} 18. Qb4
{[%clk 0:18:06]} b6 {[%clk 0:23:43]} 19. c3 {[%clk 0:10:24]} Qc4 {[%clk 0:21:37]}
20. Qxc4 {[%clk 0:10:14]} Rxc4 {[%clk 0:22:02]} 21. Rfd1 {[%clk 0:10:26]} Ke7
{[%clk 0:21:42]} 22. Rd2 {[%clk 0:06:26]} Rd8 {[%clk 0:19:37]} 23. Rbd1
{[%clk 0:06:40]} Rcc8 {[%clk 0:18:26]} 24. Bf1 {[%clk 0:04:59]} Ne5
{[%clk 0:16:32]} 25. Kg2 {[%clk 0:05:00]} Rxd2 {[%clk 0:16:42]} 26. Rxd2
{[%clk 0:05:16]} 1/2-1/2

[Event "Glorney Gilbert International 2017 - Gilbert"]
[Site "Daventry, England"]
[Date "2017.07.26"]
[Round "5.5"]
[White "Fraser, Susanna"]
[Black "Imperor, Amelie"]
[Result "0-1"]
[BlackElo "1819"]
[WhiteElo "1475"]
[LiveChessVersion "1.4.6"]

1. d4 Nf6 2. c4 c5 3. d5 e6 4. Nc3 exd5 5. cxd5 d6 6. e4 g6 7. Nf3 Bg7 8. Be2 O-O
9. O-O Re8 10. Bd3 Bg4 11. h3 Bxf3 12. Qxf3 a6 13. Bf4 b5 14. a3 Ra7 15. Rfe1 Nh5
16. Bh2 Bd4 17. Rac1 Rae7 18. Re2 Qb6 19. b4 c4 20. Bb1 Nd7 21. Ree1 f5 22. Kf1
fxe4 23. Rxe4 Rxe4 24. Nxe4 Rf8 25. Qe2 Ne5 26. Kg1 Nf6 27. Ng5 Nxd5 28. Ne4 Nf6
29. Nd2 Nfg4 30. Ne4 Nxf2 31. Bxe5 dxe5 32. Kh2 Nxe4 33. Qxe4 Qf6 34. Kh1 Qf4 35.
Qd5+ Kh8 36. Rd1 Qf2 37. Qd6 c3 38. Bc2 Kg7 39. Bb3 c2 40. Rc1 Qf4 41. Qc7+ Kh6
42. Qxc2 e4 43. Re1 Be5 44. Qc1 e3 45. g3 Qf3+ 46. Kh2 Qxg3+ 47. Kh1 Qh2# 0-1

[Event "Glorney Gilbert International 2017 - Gilbert"]
[Site "Daventry, England"]
[Date "2017.07.26"]
[Round "5.7"]
[White "Hegde, Stuthi"]
[Black "Kalavala, Nayana"]
[Result "1/2-1/2"]
[BlackElo "1303"]
[WhiteElo "1499"]
[LiveChessVersion "1.4.6"]

1. d4 {[%clk 1:30:57]} d5 {[%clk 1:30:52]} 2. Bf4 {[%clk 1:31:22]} Nf6
{[%clk 1:30:55]} 3. Nf3 {[%clk 1:31:37]} Nc6 {[%clk 1:30:59]} 4. Nc3
{[%clk 1:31:04]} Bg4 {[%clk 1:31:15]} 5. e3 {[%clk 1:25:22]} e6 {[%clk 1:31:08]}
6. h3 {[%clk 1:25:11]} Bh5 {[%clk 1:30:51]} 7. Be2 {[%clk 1:23:19]} Bb4
{[%clk 1:28:29]} 8. Nd2 {[%clk 1:13:41]} Bg6 {[%clk 1:27:25]} 9. a3
{[%clk 1:12:09]} Bd6 {[%clk 1:27:24]} 10. Bxd6 {[%clk 1:10:12]} cxd6
{[%clk 1:26:40]} 11. Nf3 O-O 12. O-O {[%clk 1:00:49]} Re8 {[%clk 1:25:00]} 13.
Nh4 {[%clk 0:59:50]} a6 {[%clk 1:21:56]} 14. Nxg6 {[%clk 0:59:10]} hxg6
{[%clk 1:22:14]} 15. Bf3 {[%clk 0:58:54]} Nh7 {[%clk 1:14:31]} 16. e4
{[%clk 0:51:50]} dxe4 {[%clk 1:13:52]} 17. Nxe4 {[%clk 0:51:59]} d5
{[%clk 1:13:44]} 18. Nc5 {[%clk 0:49:33]} b6 {[%clk 1:12:10]} 19. Nb3
{[%clk 0:49:27]} Qh4 {[%clk 1:11:57]} 20. c4 {[%clk 0:45:00]} Red8
{[%clk 1:10:06]} 21. cxd5 {[%clk 0:43:52]} exd5 {[%clk 1:09:19]} 22. Rc1
{[%clk 0:43:19]} Ne7 {[%clk 1:08:17]} 23. Rc7 {[%clk 0:41:42]} Nf5
{[%clk 1:08:09]} 24. Re1 {[%clk 0:40:09]} Ng5 {[%clk 1:06:05]} 25. Re5
{[%clk 0:36:43]} Qf4 {[%clk 0:59:29]} 26. Rb7 {[%clk 0:28:01]} Nxf3+
{[%clk 0:59:10]} 27. Qxf3 {[%clk 0:27:47]} Qxf3 {[%clk 0:59:19]} 28. gxf3
{[%clk 0:28:11]} Nh4 {[%clk 0:58:25]} 29. Ree7 {[%clk 0:26:54]} Nxf3+
{[%clk 0:57:58]} 30. Kg2 {[%clk 0:27:13]} Ng5 {[%clk 0:57:56]} 31. h4
{[%clk 0:27:10]} Ne6 {[%clk 0:57:57]} 32. Rxf7 {[%clk 0:26:26]} Rdb8
{[%clk 0:55:59]} 33. Rxb8+ {[%clk 0:24:53]} Rxb8 {[%clk 0:56:19]} 34. Rd7
{[%clk 0:25:02]} Rd8 {[%clk 0:55:16]} 35. Rxd8+ {[%clk 0:22:31]} Nxd8
{[%clk 0:55:35]} 36. Kf3 {[%clk 0:22:43]} Kf7 {[%clk 0:55:49]} 37. Kf4
{[%clk 0:22:50]} Kf6 {[%clk 0:55:40]} 1/2-1/2

[Event "Glorney Gilbert International 2017 - Gilbert"]
[Site "Daventry, England"]
[Date "2017.07.26"]
[Round "5.8"]
[White "Govindaraj, Neya"]
[Black "James, Dai"]
[Result "0-1"]
[BlackElo "1832"]
[WhiteElo "1318"]
[LiveChessVersion "1.4.6"]

1. d4 {[%clk 1:30:57]} f5 {[%clk 1:30:42]} 2. Nc3 {[%clk 1:31:11]} Nf6
{[%clk 1:30:33]} 3. Bg5 {[%clk 1:31:05]} e6 {[%clk 1:29:35]} 4. e4
{[%clk 1:30:09]} fxe4 {[%clk 1:28:45]} 5. Nxe4 {[%clk 1:30:15]} Be7
{[%clk 1:27:19]} 6. Bxf6 {[%clk 1:30:09]} Bxf6 {[%clk 1:27:33]} 7. Nf3
{[%clk 1:29:04]} d5 {[%clk 1:24:50]} 8. Nc3 {[%clk 1:28:22]} c5 {[%clk 1:23:42]}
9. Qd2 {[%clk 1:20:42]} Nc6 {[%clk 1:17:26]} 10. Bb5 {[%clk 1:18:03]} O-O
{[%clk 1:10:26]} 11. Bxc6 {[%clk 1:15:51]} bxc6 {[%clk 1:10:24]} 12. O-O
{[%clk 1:10:10]} cxd4 {[%clk 1:03:34]} 13. Nxd4 {[%clk 1:09:26]} Qb6
{[%clk 1:02:16]} 14. Nb3 {[%clk 1:06:30]} e5 {[%clk 0:56:02]} 15. Na4
{[%clk 0:54:43]} Qc7 {[%clk 0:48:40]} 16. Nac5 {[%clk 0:48:51]} Bf5
{[%clk 0:43:43]} 17. c3 {[%clk 0:39:35]} Rae8 {[%clk 0:41:50]} 18. Rfe1
{[%clk 0:32:12]} Qe7 {[%clk 0:34:01]} 19. Rad1 {[%clk 0:26:53]} e4
{[%clk 0:29:55]} 20. Qe3 {[%clk 0:21:06]} Be5 {[%clk 0:25:20]} 21. Na5
{[%clk 0:13:32]} Qc7 {[%clk 0:23:31]} 22. b4 {[%clk 0:11:57]} Bxh2+
{[%clk 0:23:24]} 23. Kf1 {[%clk 0:12:06]} Bg4 {[%clk 0:22:48]} 24. Rb1
{[%clk 0:11:03]} Rf6 {[%clk 0:17:40]} 25. Rb2 {[%clk 0:05:43]} Ref8
{[%clk 0:17:39]} 26. Nab3 {[%clk 0:05:26]} Bg3 {[%clk 0:17:29]} 27. Reb1
{[%clk 0:02:45]} Bxf2 {[%clk 0:17:28]} 28. Rxf2 {[%clk 0:02:35]} Rxf2+
{[%clk 0:17:43]} 29. Qxf2 {[%clk 0:02:47]} Rxf2+ {[%clk 0:18:02]} 30. Kxf2
{[%clk 0:03:14]} Qe5 {[%clk 0:13:57]} 31. Nd4 {[%clk 0:01:56]} e3+
{[%clk 0:13:46]} 32. Kf1 {[%clk 0:01:48]} e2+ {[%clk 0:13:27]} 33. Kf2
{[%clk 0:01:32]} h5 {[%clk 0:11:10]} 34. Nxc6 {[%clk 0:00:46]} Qf5+
{[%clk 0:11:01]} 35. Ke3 {[%clk 0:00:41]} Qxb1 {[%clk 0:11:15]} 0-1

[Event "Glorney Gilbert International 2017 - Gilbert"]
[Site "Daventry, England"]
[Date "2017.07.26"]
[Round "5.9"]
[White "Williams, Stephen"]
[Black "Lutchman-Singh, Aishwarya"]
[Result "1-0"]
[BlackElo "1417"]
[WhiteElo "1683"]
[LiveChessVersion "1.4.6"]

1. d4 {[%clk 1:30:50]} Nf6 2. c4 {[%clk 1:31:08]} d6 {[%clk 1:31:24]} 3. Nc3
{[%clk 1:31:12]} Nbd7 {[%clk 1:31:49]} 4. e4 {[%clk 1:31:11]} e5 {[%clk 1:32:08]}
5. d5 {[%clk 1:30:50]} Be7 {[%clk 1:32:24]} 6. Be3 {[%clk 1:30:07]} O-O
{[%clk 1:32:11]} 7. Be2 {[%clk 1:28:25]} a6 {[%clk 1:30:04]} 8. g4
{[%clk 1:27:06]} Nc5 {[%clk 1:26:08]} 9. f3 {[%clk 1:26:50]} a5 {[%clk 1:23:51]}
10. Nh3 {[%clk 1:26:49]} Nh5 {[%clk 1:14:33]} 11. Qd2 {[%clk 1:19:36]} Bh4+
{[%clk 1:11:51]} 12. Kd1 {[%clk 1:18:33]} Nf6 {[%clk 1:06:00]} 13. Nf2
{[%clk 1:16:30]} Bd7 {[%clk 1:03:44]} 14. Kc2 {[%clk 1:15:35]} Na4
{[%clk 1:02:55]} 15. Rag1 {[%clk 1:12:47]} Nxc3 {[%clk 1:02:59]} 16. Qxc3
{[%clk 1:13:09]} Rb8 {[%clk 0:59:24]} 17. Kb1 {[%clk 1:12:56]} c5
{[%clk 0:58:49]} 18. Nd3 {[%clk 1:10:55]} b5 {[%clk 0:57:27]} 19. g5 Nh5
{[%clk 0:56:17]} 20. f4 {[%clk 1:08:37]} bxc4 {[%clk 0:52:17]} 21. Nxe5
{[%clk 1:07:08]} dxe5 {[%clk 0:51:07]} 22. Bxh5 {[%clk 1:07:22]} exf4
{[%clk 0:50:40]} 23. Bxf4 {[%clk 1:07:19]} Rb7 {[%clk 0:50:28]} 24. Bd6
{[%clk 1:04:17]} Bf2 {[%clk 0:49:34]} 25. Rg2 {[%clk 1:03:10]} Bd4
{[%clk 0:49:42]} 26. Qf3 {[%clk 1:01:26]} 1-0